TROPICAL SOIL BIOLOGY & FERTILETY (Record no. 31568)

MARC details
000 -LEADER
fixed length control field 00401nam a22001577a 4500
003 - CONTROL NUMBER IDENTIFIER
control field OSt
005 - DATE AND TIME OF LATEST TRANSACTION
control field 20220224111811.0
008 - FIXED-LENGTH DATA ELEMENTS--GENERAL INFORMATION
fixed length control field 220224b |||||||| |||| 00| 0 eng d
020 ## - INTERNATIONAL STANDARD BOOK NUMBER
International Standard Book Number 0851988210
040 ## - CATALOGING SOURCE
Transcribing agency hu
082 ## - DEWEY DECIMAL CLASSIFICATION NUMBER
Classification number 631.4`22
245 ## - TITLE STATEMENT
Title TROPICAL SOIL BIOLOGY & FERTILETY
Remainder of title A Handbook of Methods
260 ## - PUBLICATION, DISTRIBUTION, ETC.
Place of publication, distribution, etc. UK
Name of publisher, distributor, etc. C .A. B .
Date of publication, distribution, etc. 1993
300 ## - PHYSICAL DESCRIPTION
Extent XV ,221 P
Other physical details PC
Dimensions 29 CM
942 ## - ADDED ENTRY ELEMENTS (KOHA)
Source of classification or shelving scheme Dewey Decimal Classification
Koha item type Books like text book referance book
Suppress in OPAC No
Holdings
Withdrawn status Lost status Source of classification or shelving scheme Damaged status Not for loan Collection code Home library Current library Shelving location Date acquired Total Checkouts Full call number Barcode Date last seen Copy number Price effective from Koha item type
    Dewey Decimal Classification     Reference Wondo Genet Library Wondo Genet Library General Stacks 02/24/2022   631.4`22 TRO 1993 WGCFNRL00011790 02/24/2022 1 02/24/2022 Books like text book referance book
    Dewey Decimal Classification     Reference Wondo Genet Library Wondo Genet Library General Stacks 02/24/2022   631.4`22 TRO 1993 WGCFNRL00011791 02/24/2022 2 02/24/2022 Books like text book referance book